000 00713nam a2200241 4500
003 OSt
005 20240613004248.0
006 a
008 240613b |||||||| |||| 00| 0 eng d
020 _a989814410007
040 _aDWCL-Main lib.
_cOC
082 _2Second edition
_aCirc. 658.3 G851h 2012
100 _aGriffin, Ricky W.
245 _aHuman behavior in organization /
250 _aSecond edition
260 _aSingapore :
_bCengage Learning Asia,
_cc2012.
300 _b637 p. : col. ill. ;
_c23 cm.
504 _aIncludes index.
650 _a1. Organizational behavior.
650 _a2. Personnel management.
700 _aRicky W. Griffin
942 _2ddc
_n0
_cBK-CIRC
_eSecond edition
_kCirc.
999 _c573
_d573